000
00258nam a2200109Ia 4500
008
230907s9999||||xx |||||||||||||| ||und||
082
_a
333.88,STO
100
_a
Stober, Ingrid.
_9
115079
245
0
_a
Geothermal energy:
300
_a
ix, 291p.:
942
_c
BK
999
_c
597478
_d
597478